Online
Catalog

Conoce tu país : Repùblica Dominicana / : (Record no. 16399)

MARC details
000 -CABECERA
campo de control de longitud fija 01155nam a2200265 u 4500
001 - NÚMERO DE CONTROL
campo de control 000016867
005 - FECHA Y HORA DE LA ÚLTIMA TRANSACCIÓN
campo de control 20250311111111.0
008 - DATOS DE LONGITUD FIJA--INFORMACIÓN GENERAL
campo de control de longitud fija 100311s2008 sp ac r 001 0 spa d
020 ## - NÚMERO INTERNACIONAL ESTÁNDAR DEL LIBRO
Número Internacional Estándar del Libro 9788449437700
082 ## - NÚMERO DE LA CLASIFICACIÓN DECIMAL DEWEY
Número de clasificación 030.7293
Número de documento/Ítem C753p
040 ## - FUENTE DE LA CATALOGACIÓN
Centro catalogador/agencia de origen DO-SdBNP
245 00 - MENCIÓN DE TÍTULO
Título Conoce tu país : Repùblica Dominicana / :
Resto del título Enciclopedia de primaria /
Mención de responsabilidad, etc. Dirección Carlos de Gispert.
260 ## - PUBLICACIÓN, DISTRIBUCIÓN, ETC.
Lugar de publicación, distribución, etc. Barcelona (España) :
Nombre del editor, distribuidor, etc. Grupo Oceano,
Fecha de publicación, distribución, etc. 2008.
300 ## - DESCRIPCIÓN FÍSICA
Extensión 200 p. :
Otras características físicas il. retrs. ;
Dimensiones 26 cm.
505 2# - NOTA DE CONTENIDO CON FORMATO
Nota de contenido con formato Dónde estamos -- Ambiente natural -- Organización política y social-- La República Dominicana y sus recursos -- Ciencia y tecnología -- Nuestra historia -- Cultura
650 #4 - PUNTO DE ACCESO ADICIONAL DE MATERIA--TÉRMINO DE MATERIA
Término de materia o nombre geográfico como elemento de entrada Recursos naturales
Subdivisión geográfica República Dominicana
9 (RLIN) 1560
650 #4 - PUNTO DE ACCESO ADICIONAL DE MATERIA--TÉRMINO DE MATERIA
Término de materia o nombre geográfico como elemento de entrada Gobierno local
Subdivisión geográfica República Dominicana
9 (RLIN) 37338
650 #4 - PUNTO DE ACCESO ADICIONAL DE MATERIA--TÉRMINO DE MATERIA
Término de materia o nombre geográfico como elemento de entrada Organización
Subdivisión geográfica Aspectos Sociales
9 (RLIN) 37339
650 #4 - PUNTO DE ACCESO ADICIONAL DE MATERIA--TÉRMINO DE MATERIA
Término de materia o nombre geográfico como elemento de entrada Recursos naturales
Subdivisión geográfica República Dominicana
9 (RLIN) 1560
650 #0 - PUNTO DE ACCESO ADICIONAL DE MATERIA--TÉRMINO DE MATERIA
Término de materia o nombre geográfico como elemento de entrada Investigación
9 (RLIN) 2
650 #4 - PUNTO DE ACCESO ADICIONAL DE MATERIA--TÉRMINO DE MATERIA
Término de materia o nombre geográfico como elemento de entrada Tecnología
Subdivisión geográfica República Dominicana
9 (RLIN) 37340
651 #4 - PUNTO DE ACCESO ADICIONAL DE MATERIA--NOMBRE GEOGRÁFICO
Nombre geográfico República Dominicana
Subdivisión general Historia
9 (RLIN) 170
651 #4 - PUNTO DE ACCESO ADICIONAL DE MATERIA--NOMBRE GEOGRÁFICO
Nombre geográfico República Dominicana
Subdivisión general Cultura Popular
9 (RLIN) 1947
700 1# - PUNTO DE ACCESO ADICIONAL--NOMBRE DE PERSONA
Nombre de persona Gispert, Carlos
Término indicativo de función/relación dir.
9 (RLIN) 11248
Holdings
Estado de retiro Estado de pérdida Restricciones de uso No para préstamo Código de colección Localización permanente Ubicación/localización actual Ubicación en estantería Fecha de adquisición Número de inventario Total de préstamos Signatura topográfica completa Código de barras Fecha visto por última vez Precio válido a partir de Tipo de ítem Koha Número de copia
        Monografías: Libros y Folletos General General En catalogación 15.03.2010 LF1   030.7293 C753p 16867-10 25.06.2020 25.06.2020 Préstamo en sala  
      Préstamo restrigido Monografías: Libros y Folletos General General En catalogación 15.03.2010 LF1   030.7293 C753p 16867-20 25.06.2020 25.06.2020 Préstamo en sala e. 2

Powered by Koha